Most Common Last Names in France - Statistics

General Stats
  • This quiz has been taken 54 times
  • The average score is 5 of 16
Answer Stats
Letter Last Name Frequency % Correct
M Martin 1:211
79%
R Richard 1:480
44%
R Robert 1:472
44%
B Bernard 1:392
40%
D David 1:684
40%
T Thomas 1:577
40%
D Dubois 1:503
33%
M Michel 1:572
30%
D Durand 1:495
23%
L Laurent 1:553
21%
S Simon 1:550
19%
G Garcia 1:576
12%
L Leroy 1:609
9%
M Moreau 1:508
9%
R Roux 1:734
9%
M Morel 1:719
7%
No matching quizzes found
Score Distribution
Percent of People with Each Score
Percentile by Number Answered
Your Score History
You have not taken this quiz